000
00257nam a2200109Ia 4500
008
220204s9999 xx 000 0 und d
082
_a
82-7
_b
ALV
100
_a
Alvin, Julius
245
0
_a
Totally gross jokes
260
_a
New York
_b
Zebra
_c
1983
942
_c
BK
999
_c
37458
_d
37458